| 000 | 00877cam a22003017a 4500 | ||
|---|---|---|---|
| 001 | 16199898 | ||
| 003 | OSt | ||
| 005 | 20140310183020.0 | ||
| 008 | 100423s2010 ph a 000 0 eng | ||
| 010 | _a 2010338381 | ||
| 020 | _a9789715065528 | ||
| 040 |
_aDLC _cDLC _dDLC |
||
| 042 | _alcode | ||
| 050 | 0 | 0 |
_aPL 5539 _b.R842 2010 |
| 082 |
_aM 899.2101 _bR842 2009 |
||
| 100 | 1 |
_aRotor, A. V. _q(Abercio Valdez) |
|
| 245 | 1 | 0 |
_aDon't cut the trees don't : _becology poems with paintings and photographs _cRotor, Abercio V. |
| 260 |
_aManila : _bUST Publishing House, _cc2010. |
||
| 300 |
_axvi, 189 p. : _bill. ; _c23 cm. |
||
| 521 | _aCollege Students | ||
| 526 | _c1210L-1700L | ||
| 541 | _j1 | ||
| 541 | _j1 | ||
| 562 | _e2 | ||
| 906 |
_a7 _bcbc _corigode _d4 _encip _f20 _gy-gencatlg |
||
| 942 |
_2lcc _cBK _kFIL |
||
| 999 |
_c18349 _d18349 |
||